[Event "TUN-chT"]
[Site "Hammamet"]
[Date "2019.03.16"]
[Round "9.1"]
[White "Hergli, Amir"]
[Black "Barhoumi, Med Anis"]
[Result "1/2-1/2"]
[WhiteElo "2042"]
[BlackElo "2002"]
[PlyCount "21"]
[EventDate "2019.02.09"]
[EventType "team-tourn"]
[EventRounds "11"]
[EventCountry "TUN"]
[SourceTitle "CBM 190 Extra"]
[Source "ChessBase"]
[SourceDate "2019.07.15"]
[SourceVersion "1"]
[SourceVersionDate "2019.07.15"]
[SourceQuality "1"]
[WhiteTeam "Omran"]
[BlackTeam "Megrine Maison"]
[WhiteTeamCountry "TUN"]
[BlackTeamCountry "TUN"]

1. d4 d5 2. c4 c6 3. Nc3 Nf6 4. Nf3 a6 5. c5 Nbd7 6. Bf4 g6 7. e3 Bg7 8. Be2 Nh5 9. Bg5 h6 10. Bh4 0-0 11. 0-0 1/2-1/2

[Event "TUN-chB"]
[Site "Hammamet "]
[Date "2015.06.16"]
[Round "7"]
[White "Taieb, Sahbi"]
[Black "Hergli, Amir"]
[Result "1/2-1/2"]
[WhiteElo "2067"]
[BlackElo "2094"]
[PlyCount "43"]
[EventDate "2015.06.13"]
[EventType "swiss"]
[EventRounds "9"]
[EventCountry "TUN"]
[SourceTitle "EXT 2018"]
[Source "ChessBase"]
[SourceDate "2017.10.13"]
[SourceVersion "1"]
[SourceVersionDate "2017.10.13"]
[SourceQuality "1"]

1. e4 c6 2. Nc3 d5 3. Nf3 dxe4 4. Nxe4 Nf6 5. Qe2 Nxe4 6. Qxe4 Qd5 7. Qf4 Qf5 8. Qxf5 Bxf5 9. c3 h6 10. d4 Nd7 11. Be3 e6 12. 0-0-0 Bd6 13. Bd3 Bxd3 14. Rxd3 0-0-0 15. Rhd1 g5 16. g3 b5 17. Kb1 Nb6 18. Ne5 Bxe5 19. dxe5 Rd5 20. Rxd5 exd5 21. h4 Re8 22. hxg5 1/2-1/2

[Event "TUN-chB"]
[Site "Hammamet "]
[Date "2015.06.14"]
[Round "2"]
[White "Hergli, Amir"]
[Black "Ben Hlima, Rafik"]
[Result "1-0"]
[WhiteElo "2094"]
[BlackElo "1796"]
[PlyCount "66"]
[EventDate "2015.06.13"]
[EventType "swiss"]
[EventRounds "9"]
[EventCountry "TUN"]
[SourceTitle "EXT 2018"]
[Source "ChessBase"]
[SourceDate "2017.10.13"]
[SourceVersion "1"]
[SourceVersionDate "2017.10.13"]
[SourceQuality "1"]

1. Nf3 Nf6 2. g3 d6 3. Bg2 e5 4. 0-0 Nc6 5. d3 Be7 6. e4 Bg4 7. h3 Bh5 8. c3 Qd7 9. Nbd2 h6 10. Qb3 g5 11. Qxb7 Rb8 12. Qa6 g4 13. hxg4 Bxg4 14. d4 Bxf3 15. Nxf3 Rb6 16. Qe2 Ng4 17. d5 Nd8 18. Bh3 h5 19. Nh2 Qa4 20. Nxg4 hxg4 21. Qxg4 c5 22. b3 Qa6 23. c4 Qb7 24. f4 Bf6 25. Bb2 Qe7 26. fxe5 dxe5 27. Rf5 Bg7 28. Qxg7 Rxh3 29. Rxe5 Ne6 30. dxe6 Rxe6 31. Rxe6 Qxe6 32. Qe5 Qxe5 33. Bxe5 Ke7 1-0

[Event "TUN-ch"]
[Site "Monastir"]
[Date "2014.12.23"]
[Round "2"]
[White "Hergli, Amir"]
[Black "Amdouni, Zoubaier"]
[Result "0-1"]
[WhiteElo "2141"]
[BlackElo "2291"]
[PlyCount "40"]
[EventDate "2014.12.23"]
[EventType "tourn"]
[EventRounds "9"]
[EventCountry "TUN"]
[SourceTitle "EXT 2016"]
[Source "ChessBase"]
[SourceDate "2015.10.08"]
[SourceVersion "1"]
[SourceVersionDate "2015.10.08"]
[SourceQuality "1"]

1. Nf3 Nf6 2. g3 d5 3. Bg2 Nbd7 4. 0-0 e5 5. d3 Be7 6. Nbd2 0-0 7. e4 dxe4 8. dxe4 b6 9. Nh4 g6 10. f4 Nc5 11. fxe5 Ng4 12. Nf5 gxf5 13. exf5 Qd4+ 14. Kh1 Rb8 15. c3 Nf2+ 16. Rxf2 Qxf2 17. f6 Bxf6 18. exf6 Re8 19. Ne4 Nxe4 20. Bxe4 Bf5 0-1

[Event "Monastir Slama Memorial 4th"]
[Site "Monastir"]
[Date "2014.09.03"]
[Round "5"]
[White "Hergli, Amir"]
[Black "Abbes, Ali"]
[Result "0-1"]
[WhiteElo "2114"]
[BlackElo "2193"]
[PlyCount "111"]
[EventDate "2014.09.01"]
[EventType "swiss"]
[EventRounds "9"]
[EventCountry "TUN"]
[SourceTitle "EXT 2015"]
[Source "ChessBase"]
[SourceDate "2014.11.20"]
[SourceVersion "1"]
[SourceVersionDate "2014.11.20"]
[SourceQuality "1"]

1. Nf3 c5 2. g3 b6 3. Bg2 Bb7 4. 0-0 Nf6 5. d3 Nc6 6. e4 g6 7. Nh4 Qc7 8. f4 d6 9. a4 Bg7 10. Na3 0-0 11. g4 h6 12. h3 Qd7 13. f5 g5 14. Nf3 Nh7 15. h4 Ne5 16. Nxe5 Bxe5 17. Nc4 Bf6 18. h5 d5 19. exd5 Bxd5 20. Bxd5 Qxd5 21. Qf3 Rad8 22. Kg2 e6 23. Ne3 Qxf3+ 24. Rxf3 e5 25. Nc4 Rd4 26. Rg3 Re8 27. Be3 Rdd8 28. Nd2 e4 29. Nxe4 Bxb2 30. Ra2 Be5 31. Rf3 a5 32. Ra3 Nf6 33. Nxf6+ Bxf6 34. Rb3 Rd6 35. Bg1 Re2+ 36. Rf2 Re1 37. Rf1 Re2+ 38. Rf2 Re8 39. Rf1 Kg7 40. Kf3 Bd4 41. Bh2 Re3+ 42. Kg2 Re2+ 43. Kh1 Rc6 44. c3 Bf6 45. Rfb1 Ra2 46. c4 Rxa4 47. Rxb6 Rxb6 48. Rxb6 Ra1+ 49. Kg2 Ra2+ 50. Kh1 Ra3 51. Bg1 Rxd3 52. Bxc5 Rc3 53. Rb5 a4 54. Rb4 a3 55. Ra4 Rc1+ 56. Kg2 0-1

[Event "Monastir Slama Memorial 4th"]
[Site "Monastir"]
[Date "2014.09.03"]
[Round "4"]
[White "Kovacs, Klara"]
[Black "Hergli, Amir"]
[Result "1/2-1/2"]
[WhiteElo "2234"]
[BlackElo "2114"]
[PlyCount "118"]
[EventDate "2014.09.01"]
[EventType "swiss"]
[EventRounds "9"]
[EventCountry "TUN"]
[SourceTitle "EXT 2015"]
[Source "ChessBase"]
[SourceDate "2014.11.20"]
[SourceVersion "1"]
[SourceVersionDate "2014.11.20"]
[SourceQuality "1"]

1. c4 c6 2. Nf3 d5 3. g3 Nf6 4. Bg2 Bf5 5. cxd5 cxd5 6. Qb3 Qb6 7. Qxb6 axb6 8. Nc3 Nc6 9. 0-0 e6 10. Nb5 Ra5 11. Nbd4 Bg6 12. d3 Nd7 13. Bd2 Ra4 14. Nb5 Bb4 15. Bc3 0-0 16. a3 Bxc3 17. Nxc3 Raa8 18. b4 Rfc8 19. Nb5 Na7 20. Nd6 Rc6 21. Nxb7 Rb8 22. Nd4 Rxb7 23. Nxc6 Nxc6 24. Rfc1 Nd4 25. Rc8+ Nf8 26. Bf1 Bh5 27. Ra2 g5 28. h3 Kg7 29. a4 Ra7 30. g4 Bg6 31. e3 Nf3+ 32. Kh1 Ne5 33. Ra3 f5 34. Be2 fxg4 35. hxg4 Nfd7 36. f3 h5 37. Kg2 hxg4 38. fxg4 Nf7 39. a5 bxa5 40. bxa5 Nd6 41. Rc6 Nb5 42. Rb3 Rxa5 43. d4 Ra2 44. Kf1 Ra1+ 45. Kg2 Nxd4 46. exd4 Nf6 47. Rc7+ Kf8 48. Rb8+ Be8 49. Bb5 Rb1 50. Rcc8 Nxg4 51. Kg3 Nf6 52. Bxe8 Rxb8 53. Rxb8 Nxe8 54. Kg4 Kf7 55. Kxg5 Nd6 56. Ra8 Ne4+ 57. Kf4 Kf6 58. Rc8 Nd6 59. Rf8+ Ke7 1/2-1/2

[Event "Monastir Subsidiaire op"]
[Site "Monastir"]
[Date "2014.03.29"]
[Round "8"]
[White "Hergli, Amir"]
[Black "Jemai, Akram"]
[Result "1/2-1/2"]
[WhiteElo "2084"]
[BlackElo "2166"]
[PlyCount "92"]
[EventDate "2014.03.24"]
[EventType "swiss"]
[EventRounds "9"]
[EventCountry "TUN"]
[SourceTitle "EXT 2016"]
[Source "ChessBase"]
[SourceDate "2015.10.08"]
[SourceVersion "1"]
[SourceVersionDate "2015.10.08"]
[SourceQuality "1"]

1. Nf3 d5 2. g3 c6 3. Bg2 Nf6 4. 0-0 Bg4 5. d3 Bxf3 6. Bxf3 e5 7. c4 dxc4 8. dxc4 Nbd7 9. Nc3 Be7 10. Qc2 Nc5 11. Be3 Ne6 12. a3 Nd4 13. Bxd4 Qxd4 14. Nd1 g5 15. Ne3 e4 16. Bg2 h5 17. b4 h4 18. Rad1 Qe5 19. c5 h3 20. Bh1 Rd8 21. Rxd8+ Kxd8 22. Qc4 Qe6 23. Rd1+ Kc7 24. Qxe6 fxe6 25. Nc4 Nd5 26. Kf1 Rf8 27. Rd4 e3 28. f3 Bf6 29. Rd3 Rd8 30. Ke1 Nc3 31. Rxd8 Kxd8 32. Nd6 Nb1 33. Nxb7+ Kc7 34. Na5 Bc3+ 35. Kd1 Nxa3 36. f4 gxf4 37. Nxc6 fxg3 38. hxg3 a6 39. g4 Bf6 40. Ke1 h2 41. Kf1 Bb2 42. g5 Bc3 43. g6 Bf6 44. Ke1 Nc2+ 45. Kd1 Na3 46. Ke1 Nc2+ 1/2-1/2

[Event "TUN selection"]
[Site "Borj Cedria"]
[Date "2014.01.16"]
[Round "7"]
[White "Taieb, Sahbi"]
[Black "Hergli, Amir"]
[Result "1-0"]
[WhiteElo "2070"]
[BlackElo "2114"]
[PlyCount "64"]
[EventDate "2014.01.11"]
[EventType "swiss"]
[EventRounds "9"]
[EventCountry "TUN"]
[SourceTitle "CBM 158 Extra"]
[Source "ChessBase"]
[SourceDate "2014.02.28"]
[SourceVersion "1"]
[SourceVersionDate "2014.02.28"]
[SourceQuality "1"]

1. e4 d6 2. d4 g6 3. Nc3 Bg7 4. Nf3 Nf6 5. Be2 0-0 6. h3 c6 7. a4 a5 8. Be3 Na6 9. 0-0 Nb4 10. Qd2 Bd7 11. Bh6 d5 12. Bxg7 Kxg7 13. e5 Ng8 14. Nd1 f6 15. c3 Na6 16. Ne3 fxe5 17. Nxe5 Nf6 18. Bg4 Nb8 19. Rae1 Ne4 20. Qc1 h5 21. Bf3 Ng5 22. Bd1 e6 23. Bc2 Be8 24. h4 Nh7 25. g3 Nd7 26. Ng2 Nxe5 27. Rxe5 Rf6 28. Nf4 Nf8 29. Rfe1 Qd6 30. Rg5 Kf7 31. Ree5 Ke7 32. Qb1 c5 1-0

[Event "TUN selection"]
[Site "Borj Cedria"]
[Date "2014.01.13"]
[Round "3"]
[White "Mabrouk, Fathi Ben Salah"]
[Black "Hergli, Amir"]
[Result "1-0"]
[WhiteElo "2092"]
[BlackElo "2114"]
[PlyCount "103"]
[EventDate "2014.01.11"]
[EventType "swiss"]
[EventRounds "9"]
[EventCountry "TUN"]
[SourceTitle "CBM 158 Extra"]
[Source "ChessBase"]
[SourceDate "2014.02.28"]
[SourceVersion "1"]
[SourceVersionDate "2014.02.28"]
[SourceQuality "1"]

1. c4 Nf6 2. Nc3 g6 3. d4 Bg7 4. Nf3 0-0 5. g3 d6 6. Bg2 Nbd7 7. 0-0 c5 8. e4 cxd4 9. Nxd4 Ne5 10. b3 Bd7 11. h3 a6 12. Be3 Rb8 13. a4 Qa5 14. Qd2 Rfe8 15. Rfd1 h5 16. Nd5 Qxd2 17. Rxd2 Bc6 18. Re1 Bxd5 19. exd5 Ned7 20. a5 Nc5 21. Rb1 Kh7 22. Nf3 Nfe4 23. Ng5+ Nxg5 24. Bxg5 b6 25. axb6 Rxb6 26. Re2 e5 27. dxe6 Rxe6 28. Rxe6 fxe6 29. b4 a5 30. b5 a4 31. Bc1 Bd4 32. Ba3 e5 33. Kf1 Nb3 34. Ke2 Bc5 35. Bxc5 Nxc5 36. Bd5 Kg7 37. Kd2 Kf6 38. Kc3 Ke7 39. Kb4 Nb3 40. Kxa4 Nc5+ 41. Ka5 Rb8 42. b6 Kd7 43. Kb5 Rf8 44. Rb2 Rb8 45. Ra2 e4 46. Ra7+ Ke8 47. Rh7 Nd7 48. b7 Kd8 49. Kc6 Nf8 50. Rf7 Ke8 51. Kc7 Rd8 52. Rxf8+ 1-0

[Event "Monastir Slama Memorial op"]
[Site "Monastir"]
[Date "2013.09.14"]
[Round "8"]
[White "Hergli, Amir"]
[Black "Amdouni, Zoubaier"]
[Result "0-1"]
[WhiteElo "2142"]
[BlackElo "2253"]
[PlyCount "64"]
[EventDate "2013.09.09"]
[EventType "swiss"]
[EventRounds "9"]
[EventCountry "TUN"]
[SourceTitle "CBM 156 Extra"]
[Source "ChessBase"]
[SourceDate "2013.10.22"]
[SourceVersion "1"]
[SourceVersionDate "2013.10.22"]
[SourceQuality "1"]

1. d4 d5 2. Nf3 Nf6 3. c4 e6 4. Nc3 c6 5. Bg5 h6 6. Bxf6 Qxf6 7. e3 g6 8. Bd3 Bg7 9. Ne5 Qg5 10. Nf3 Qe7 11. 0-0 Nd7 12. cxd5 exd5 13. e4 dxe4 14. Nxe4 0-0 15. Re1 Rd8 16. Qb3 Nf8 17. Bc4 b5 18. Bf1 Ne6 19. Nc3 Qd6 20. d5 Nc5 21. Qb4 a5 22. Qh4 b4 23. Rad1 bxc3 24. dxc6 Qxd1 25. Rxd1 Rxd1 26. bxc3 Ba6 27. c4 Re8 28. c7 g5 29. Qg4 Bc8 30. Qh5 Ne4 31. Ne5 Rxf1+ 32. Kxf1 Bxe5 0-1

[Event "Monastir Slama Memorial op"]
[Site "Monastir"]
[Date "2013.09.12"]
[Round "6"]
[White "Boulkrouche, Yacine"]
[Black "Hergli, Amir"]
[Result "1/2-1/2"]
[WhiteElo "2039"]
[BlackElo "2142"]
[PlyCount "104"]
[EventDate "2013.09.09"]
[EventType "swiss"]
[EventRounds "9"]
[EventCountry "TUN"]
[SourceTitle "CBM 156 Extra"]
[Source "ChessBase"]
[SourceDate "2013.10.22"]
[SourceVersion "1"]
[SourceVersionDate "2013.10.22"]
[SourceQuality "1"]

1. Nf3 d5 2. c4 e6 3. g3 g6 4. Bg2 Bg7 5. 0-0 Ne7 6. d4 0-0 7. Nbd2 b6 8. Re1 Bb7 9. cxd5 exd5 10. b3 Nd7 11. Bb2 Nf5 12. e3 Re8 13. Rc1 Nd6 14. Qc2 Rc8 15. h4 c5 16. dxc5 Bxb2 17. Qxb2 Nxc5 18. Bf1 Qd7 19. Kh2 Nde4 20. Nxe4 dxe4 21. Ng1 Rcd8 22. Red1 Qe7 23. Rxd8 Rxd8 24. Rc2 Nd3 25. Qb1 Ne5 26. Qc1 Nd3 27. Qb1 Ne5 28. Be2 Bc8 29. Qc1 Bg4 30. Bxg4 Nxg4+ 31. Kg2 Qf6 32. Qf1 h5 33. Qe2 Qd6 34. Nh3 Qd3 35. Qxd3 exd3 36. Rd2 Ne5 37. e4 Rc8 38. f4 Ng4 39. Rxd3 Rc2+ 40. Kg1 Rc1+ 41. Kg2 Rc2+ 42. Kg1 Rxa2 43. Ng5 Ra1+ 44. Kg2 Ra2+ 45. Kf1 Ra1+ 46. Ke2 Ra2+ 47. Ke1 f6 48. Rd8+ Kg7 49. Rd7+ Kg8 50. Rd8+ Kg7 51. Rd7+ Kg8 52. Rd8+ Kg7 1/2-1/2

[Event "Monastir Slama Memorial op"]
[Site "Monastir"]
[Date "2013.09.12"]
[Round "5"]
[White "Hergli, Amir"]
[Black "Boudriga, Mohamed Ali"]
[Result "1/2-1/2"]
[WhiteElo "2142"]
[BlackElo "2274"]
[PlyCount "35"]
[EventDate "2013.09.09"]
[EventType "swiss"]
[EventRounds "9"]
[EventCountry "TUN"]
[SourceTitle "CBM 156 Extra"]
[Source "ChessBase"]
[SourceDate "2013.10.22"]
[SourceVersion "1"]
[SourceVersionDate "2013.10.22"]
[SourceQuality "1"]

1. d4 d5 2. c4 dxc4 3. e3 Nf6 4. Bxc4 e6 5. Nf3 c5 6. 0-0 a6 7. dxc5 Qxd1 8. Rxd1 Bxc5 9. a3 b5 10. Be2 Ke7 11. b4 Bd6 12. Bb2 Nbd7 13. Nbd2 Bb7 14. Nb3 Bd5 15. Na5 Rhc8 16. Nd4 Ne5 17. Rac1 g6 18. f3 1/2-1/2

[Event "Monastir Slama Memorial op"]
[Site "Monastir"]
[Date "2013.09.11"]
[Round "4"]
[White "House, Glenn"]
[Black "Hergli, Amir"]
[Result "1/2-1/2"]
[WhiteElo "2207"]
[BlackElo "2142"]
[PlyCount "61"]
[EventDate "2013.09.09"]
[EventType "swiss"]
[EventRounds "9"]
[EventCountry "TUN"]
[SourceTitle "CBM 156 Extra"]
[Source "ChessBase"]
[SourceDate "2013.10.22"]
[SourceVersion "1"]
[SourceVersionDate "2013.10.22"]
[SourceQuality "1"]

1. e4 c5 2. Nc3 d6 3. g3 g6 4. Bg2 Bg7 5. d3 Nf6 6. h3 Nc6 7. Be3 Rb8 8. Qd2 b5 9. Nge2 b4 10. Nd1 Bb7 11. 0-0 0-0 12. Bh6 d5 13. Bxg7 Kxg7 14. exd5 Nxd5 15. a3 a5 16. axb4 axb4 17. b3 Nf6 18. Nb2 Nd4 19. Bxb7 Rxb7 20. Nxd4 Qxd4 21. Nc4 h5 22. Qe3 Qd7 23. Kg2 h4 24. g4 Nd5 25. Qxc5 Nf4+ 26. Kh2 Rb5 27. Ra7 Qxd3 28. cxd3 Rxc5 29. Rxe7 Nxd3 30. Rd1 Rd5 31. Re3 1/2-1/2

[Event "TUN-ch"]
[Site "Hammamet"]
[Date "2013.03.18"]
[Round "4"]
[White "Hergli, Amir"]
[Black "Mohammed, Naoueli"]
[Result "0-1"]
[WhiteElo "2155"]
[BlackElo "1869"]
[PlyCount "63"]
[EventDate "2013.03.16"]
[EventType "swiss"]
[EventRounds "9"]
[EventCountry "TUN"]
[SourceTitle "CBM 153 Extra"]
[Source "ChessBase"]
[SourceDate "2013.04.22"]
[SourceVersion "1"]
[SourceVersionDate "2013.04.22"]
[SourceQuality "1"]

1. b3 e5 2. Bb2 Nc6 3. e3 Nf6 4. Bb5 d6 5. d4 exd4 6. exd4 Bd7 7. Nf3 a6 8. Bd3 Qe7+ 9. Be2 0-0-0 10. 0-0 Bf5 11. Re1 Qd7 12. a3 d5 13. b4 Bd6 14. Ne5 Bxe5 15. dxe5 Ne4 16. Nd2 Rhe8 17. b5 Nxe5 18. bxa6 b6 19. a4 Ng6 20. a5 Kb8 21. axb6 cxb6 22. a7+ Ka8 23. Bf3 Nf4 24. c4 Nd3 25. cxd5 Nxe1 26. Qxe1 Qxd5 27. Nxe4 Bxe4 28. Bxe4 Rxe4 29. Qb1 Re2 30. Bc3 Qc5 31. Be1 Rde8 32. Qb4 0-1

[Event "Borj Cedria"]
[Site "Borj Cedria"]
[Date "2013.03.02"]
[Round "5"]
[White "Bouzidi, Ahmed"]
[Black "Hergli, Amir"]
[Result "1-0"]
[WhiteElo "2114"]
[BlackElo "2155"]
[PlyCount "57"]
[EventDate "2013.02.28"]
[EventType "tourn"]
[EventRounds "7"]
[EventCountry "TUN"]
[SourceTitle "CBM 153 Extra"]
[Source "ChessBase"]
[SourceDate "2013.04.22"]
[SourceVersion "1"]
[SourceVersionDate "2013.04.22"]
[SourceQuality "1"]

1. e4 e5 2. Nf3 Nc6 3. Bb5 a6 4. Bxc6 dxc6 5. 0-0 Bg4 6. h3 Bxf3 7. Qxf3 Ne7 8. Na3 Ng6 9. Nc4 Bc5 10. b4 Qd4 11. Qb3 Qxa1 12. Bb2 Qxf1+ 13. Kxf1 Bd6 14. g3 0-0 15. h4 b5 16. Ne3 h6 17. h5 Ne7 18. Ng4 a5 19. a3 axb4 20. axb4 Kh7 21. Nxe5 c5 22. Nd7 c4 23. Qc3 f6 24. Nxf8+ Rxf8 25. d4 c6 26. Qf3 Bxb4 27. c3 Ba5 28. Ba3 Re8 29. Qg4 1-0

[Event "Borj Cedria"]
[Site "Borj Cedria"]
[Date "2013.03.01"]
[Round "4"]
[White "Hergli, Amir"]
[Black "Zaibi, Amir"]
[Result "0-1"]
[WhiteElo "2155"]
[BlackElo "2264"]
[PlyCount "66"]
[EventDate "2013.02.28"]
[EventType "tourn"]
[EventRounds "7"]
[EventCountry "TUN"]
[SourceTitle "CBM 153 Extra"]
[Source "ChessBase"]
[SourceDate "2013.04.22"]
[SourceVersion "1"]
[SourceVersionDate "2013.04.22"]
[SourceQuality "1"]

1. e4 c5 2. Nf3 e6 3. d4 cxd4 4. Nxd4 Nc6 5. Nc3 Qc7 6. Be2 a6 7. 0-0 Nf6 8. Be3 Bb4 9. Na4 0-0 10. Nxc6 bxc6 11. Nb6 Rb8 12. Nxc8 Rfxc8 13. Bxa6 Rf8 14. Bd3 Bd6 15. f4 e5 16. f5 Rxb2 17. g4 Qa5 18. g5 Bc5 19. gxf6 Bxe3+ 20. Kh1 gxf6 21. Rg1+ Kh8 22. Qg4 Bg5 23. Rg2 Rxa2 24. Rag1 Ra1 25. Bf1 Qe1 26. Bc4 Qc3 27. Bf1 Raa8 28. Rg3 Qxc2 29. Rh3 Rg8 30. Bd3 Qd2 31. Qh5 Rg7 32. Bc4 Qd4 33. Bd3 Ra1 0-1